000 01799cam a22004574i 4500
003 PE-LiUPU
005 20250731184549.0
008 150616s r 000 0 d
035 _a(Sirsi) a3281
040 _aPE-LiUPU
_bspa
_cPE-LiUPU
_erda
049 _aPRUA
082 0 4 _a938
_bH43
_221
100 1 _aHerodoto,
_eautor.
245 1 4 _aLos nueve libros de la historia /
_cHerodoto.
264 1 _aBuenos Aires :
_bJoaquin Gil,
_c1947.
300 _a759 páginas :
_bilustraciones láms., mapas, dibjs. ;
_c24 cm.
336 _atext
_2rdacontent
337 _aunmediated
_2rdamedia
338 _avolume
_2rdacarrier
505 0 _aNoticia sobre el traductor -- Prólogo del traductor -- Cicerón y su definicón de la historia -- Libro primero, titulado Clio -- Libro segundo, titulado Euterpe -- Libro tercro, titulado Talia -- Libro cuarto, titulado Melpómene -- Libro quinto, titulado Terpsicore -- Libro sexto, titulado Erato -- Libro sétimo, titulado Polimnia -- Libro octavo, titulado Urania -- Libro noveno, titulado Calíope.
526 _aP136
526 _aP135
526 _aP134
526 _aP133
526 _aP144
526 _aP143
526 _aP87
526 _aP35
526 _aP20
526 _aP14
526 _aP10
526 _aP06
650 0 4 _aGrecia
_xHistoria.
910 _ajck
_bjvq
_cjck
942 _2ddc
_cBOOK
949 _a938 H43
_wDEWEY
_c1
_i04130
_lCCODEBUL1
_mBUL
_p00.00
_r0
_sY
_tBOOK
_u2015-04-23
_xEDUCACION
_PP20
_0COMPRA
_o.STAFF. Colección General
994 _aC0
_bPEPRU
596 _a1
999 _a938 H43
_wDEWEY
_c40503
_i04130
_f2021-11-8
_g5
_lCCODEBUL1
_mBUL
_r0
_sY
_tBOOK
_u2015-4-23
_xBIBLIOTECA
_PP20
_0COMPRA
_o.STAFF. Colección General
_d40503
980 _81
_gALBERTO SANCHEZ Responsable de Automatización